The liar /

Bibliographic Details
Main Author: Goldoni, Carlo, 1707-1793
Other Authors: Davies, Frederick H.
Format: Book
Language:English
Published: London : Heinemann Educational Books, 1963
Series:Kingswood plays.

MARC

Tag First Indicator Second Indicator Subfields
LEADER 00000cam a2200000 a 4500
001 in00000071638
005 20151008062325.0
008 810326s1963 enk 00010 engmd
020 |a 0435210130 
035 |a (OCoLC)07264556 
035 |9 AAJ9979AM 
040 |a VHB  |c VHB  |d TXA  |d UtOrBLW 
041 1 |a eng  |h fre 
049 |a TXAM  |c [1386899] 
090 |a PQ4695.E5  |b B84 1979 
100 1 |a Goldoni, Carlo,  |d 1707-1793. 
240 1 3 |a Il bugiardo.  |l English 
245 1 4 |a The liar /  |c by Carlo Goldoni ; translated and adapted by Frederick H. Davies from the Carlo Signorelli edition of Il Bugiardo. 
264 1 |a London :  |b Heinemann Educational Books,  |c 1963 
264 3 |c 1979 printing 
300 |a xiv, 73 pages ;  |c 19 cm. 
336 |a text  |b txt  |2 rdacontent 
337 |a unmediated  |b n  |2 rdamedia 
338 |a volume  |b nc  |2 rdacarrier 
490 1 |a The Kingswood plays 
700 1 |a Davies, Frederick H. 
830 0 |a Kingswood plays. 
999 |a MARS 
999 f f |s 55f688f5-398b-38d9-9b42-1e70125b3f1f  |i 7fa0c58f-6a50-3d1e-bf96-07ad6db4cc6e  |t 0 
952 f f |p ric  |a Texas A&M University  |b Rellis Campus  |c Joint Library Facility  |d Remote Storage  |t 0  |e PQ4695.E5 B84 1979  |h Library of Congress classification  |i unmediated -- volume  |m A14806181160 
998 f f |a PQ4695.E5 B84 1979  |t 0  |l Remote Storage